000 01307nam a2200325 i 4500
003 EG-GICUC
005 20260126172422.0
008 260109s2010 |||||||fr|||| 00| 0 ara d
017 _a2009/10567
020 _a9789773286095
040 _a EG-GICUC
_bara
_c EG-GICUC
_d EG-GICUC
_erda
041 _aara
082 0 4 _221
_a343.39065
_bع ا . ح
092 0 4 _221
099 _aLaw1 10 343.39065 ع ا . ح2010
100 0 _aعائشة بن قارة مصطفى
_eمؤلف.
245 1 0 _aحجية الدليل الالكتروني فى مجال الإثبات الجنائى :
_bفى القانون الجزائرى والقانون المقارن /
_cإعداد الأستاذة عائشة بن قارة مصطفى.
264 1 _aالاسكندرية :
_bدار الجامعة الجديدة،
_c2010.
300 _a324 صفحة ;
_c24 سم.
336 _2rda content
_atext
337 _2rda media
_aComputer
338 _2rda carrier
_aOnline Resource
504 _aيشتمل على إرجاعات ببليوجرافية.
650 1 _aالقانون الجنائي
650 1 _aالإثبات الجنائي
_zالجزائر
650 1 _aالدليل الالكتروني
856 4 0 _uhttps://fll.law.cu.edu.eg/fulltext/bks/B10-05959.pdf
905 _a43
_eYara
942 _2ddc
_n0
_cBK
_e21
999 _c55841
_d55841